[Event "Grand Pacific op"]
[Site "Victoria CAN"]
[Date "2009.04.12"]
[Round "5"]
[White "Tate, William"]
[Black "Parker, Dylan"]
[Result "1-0"]
[ECO "C30"]
[WhiteElo "1806"]
[BlackElo "1518"]
[PlyCount "167"]
[GameId "2160767910157361"]
[EventDate "2009.04.10"]
[EventType "swiss"]
[EventRounds "6"]
[EventCountry "CAN"]

1. e4 e5 2. f4 Bc5 3. Nf3 d6 4. Bc4 Nc6 5. Nc3 Nf6 6. d3 Bd7 7. Na4 Bb6 8. Nxb6 axb6 9. O-O Qe7 10. a3 h6 11. c3 Bg4 12. h3 Bh5 13. f5 Bxf3 14. Qxf3 O-O-O 15. b4 Rdf8 16. b5 Nb8 17. a4 Nbd7 18. a5 bxa5 19. Rxa5 Nb6 20. Bb3 g5 21. Be3 Nbd7 22. Ra8+ Nb8 23. Ba7 Kd7 24. Re1 Rc8 25. d4 Rhd8 26. Qe3 b6 27. Bd5 Nxd5 28. exd5 f6 29. dxe5 Qxe5 30. Bxb8 Rxb8 31. Ra4 Qxe3+ 32. Rxe3 Ra8 33. Rae4 Re8 34. Re6 Rxe6 35. dxe6+ Ke7 36. c4 Ra4 37. Re4 d5 38. Rd4 Rxc4 39. Rxd5 c6 40. bxc6 Rxc6 41. g4 Rc7 42. Kf2 Rb7 43. Ke2 b5 44. Kd2 Ke8 45. Kc3 Ra7 46. Rxb5 Ra3+ 47. Rb3 Ra1 48. Kc4 Rc1+ 49. Rc3 Ra1 50. Kb5 Ra8 51. Kb6 Rb8+ 52. Kc7 Rb2 53. Kc8 Rd2 54. Kc7 Rd1 55. Kc6 Rd2 56. Kc5 Rd8 57. Kc4 Rc8+ 58. Kd3 Rd8+ 59. Ke2 Ra8 60. Kf3 Rb8 61. Kg3 Ra8 62. Re3 Rb8 63. h4 Rb1 64. hxg5 hxg5 65. Re4 Rb3+ 66. Kf2 Ra3 67. Rb4 Ra2+ 68. Ke3 Ra3+ 69. Kd4 Ra7 70. Rc4 Ke7 71. Kd5 Ra5+ 72. Kc6 Ra1 73. Kc7 Rb1 74. Kc8 Rb2 75. Rc7+ Ke8 76. Rf7 Rc2+ 77. Kb7 Rc4 78. Rxf6 Rxg4 79. Rg6 Ke7 80. Rg7+ Kf6 81. Rf7+ Ke5 82. e7 Rb4+ 83. Kc6 Rb8 84. Rf8 1-0

[Event "Grand Pacific op"]
[Site "Victoria CAN"]
[Date "2009.04.12"]
[Round "5"]
[White "Wild, Joshua"]
[Black "Berry, Jonathan"]
[Result "0-1"]
[ECO "B06"]
[WhiteElo "1700"]
[BlackElo "2322"]
[PlyCount "58"]
[GameId "2160767910157362"]
[EventDate "2009.04.10"]
[EventType "swiss"]
[EventRounds "6"]
[EventCountry "CAN"]
[SourceTitle "CBM 130 Extra"]
[Source "ChessBase"]
[SourceDate "2009.07.02"]
[SourceVersion "2"]
[SourceVersionDate "2009.07.15"]
[SourceQuality "1"]

1. e4 d6 2. d4 g6 3. Nf3 Bg7 4. Bc4 c6 5. Nc3 b5 6. Bd3 Nf6 7. Be3 Nbd7 8. Qd2 Ng4 9. O-O-O Nxe3 10. fxe3 a6 11. Rdf1 e5 12. Qf2 Qe7 13. h4 Nf6 14. Nb1 Ng4 15. Qg1 Bh6 16. Re1 exd4 17. Nxd4 c5 18. Nf3 c4 19. Bf1 Bb7 20. Nh2 Nf6 21. Nd2 c3 22. bxc3 Rc8 23. g4 Nxe4 24. Bg2 Nxd2 25. Kxd2 Bg7 26. Kc1 Bxc3 27. Rd1 d5 28. Rd3 Qa3+ 29. Kd1 Qxa2 0-1

[Event "Grand Pacific op"]
[Site "Victoria CAN"]
[Date "2009.04.12"]
[Round "5"]
[White "Wu, Howard"]
[Black "Harris, Philip"]
[Result "1/2-1/2"]
[ECO "C54"]
[WhiteElo "2242"]
[BlackElo "1866"]
[PlyCount "79"]
[GameId "2160767910157363"]
[EventDate "2009.04.10"]
[EventType "swiss"]
[EventRounds "6"]
[EventCountry "CAN"]
[SourceTitle "CBM 130 Extra"]
[Source "ChessBase"]
[SourceDate "2009.07.02"]
[SourceVersion "2"]
[SourceVersionDate "2009.07.15"]
[SourceQuality "1"]

1. e4 e5 2. Nf3 Nc6 3. Bc4 Nf6 4. d3 Bc5 5. c3 d6 6. h3 O-O 7. O-O Bb6 8. Nbd2 Qe7 9. Bb3 a6 10. Nc4 Ba7 11. Bg5 Nd8 12. Ne3 Bxe3 13. fxe3 Ne6 14. Bh4 h6 15. Bxf6 Qxf6 16. Nd4 Qg5 17. Nf5 Nc5 18. Qe2 Nxb3 19. axb3 Bxf5 20. Rxf5 Qe7 21. Raf1 f6 22. g4 Rad8 23. Qf3 Rf7 24. Qg2 Rdf8 25. h4 c6 26. c4 Qd8 27. Qf2 Qe7 28. Kh2 Qe6 29. Qg2 Qe7 30. Qh3 Qe6 31. Rg1 Qd7 32. Qg3 Qe6 33. Rg2 Qd7 34. Rf1 Qe7 35. Qe1 Rd8 36. Rgf2 Rdf8 37. Rf3 Qe6 38. Rg3 d5 39. exd5 cxd5 40. e4 1/2-1/2

[Event "Grand Pacific op"]
[Site "Victoria CAN"]
[Date "2009.04.13"]
[Round "6"]
[White "Berry, Jonathan"]
[Black "Chen, Howard"]
[Result "1/2-1/2"]
[ECO "B14"]
[WhiteElo "2322"]
[BlackElo "2189"]
[PlyCount "71"]
[GameId "2160767910157364"]
[EventDate "2009.04.10"]
[EventType "swiss"]
[EventRounds "6"]
[EventCountry "CAN"]
[SourceTitle "CBM 130 Extra"]
[Source "ChessBase"]
[SourceDate "2009.07.02"]
[SourceVersion "2"]
[SourceVersionDate "2009.07.15"]
[SourceQuality "1"]

1. c4 e6 2. Nf3 d5 3. e3 Nf6 4. Nc3 c5 5. d4 Nc6 6. a3 cxd4 7. exd4 Be7 8. c5 O-O 9. Bd3 Nd7 10. O-O Bf6 11. Bc2 b6 12. Qd3 g6 13. Ba4 Nxd4 14. Nxd4 bxc5 15. Nf3 c4 16. Qd1 Nc5 17. Bc2 d4 18. Ne4 Nxe4 19. Bxe4 Rb8 20. Qa4 Qc7 21. Rd1 Bd7 22. Qc2 e5 23. Bd5 Rfc8 24. Ng5 Be8 25. Qe4 Qd8 26. h4 Rb5 27. Bb7 Rc7 28. Ba8 Rc8 29. Bb7 Rc7 30. Ba8 Rb8 31. Bd5 Rc5 32. Bb7 Rc7 33. Bd5 Rc5 34. Bb7 Qd7 35. Ba8 Qd8 36. Bb7 1/2-1/2

[Event "Grand Pacific op"]
[Site "Victoria CAN"]
[Date "2009.04.13"]
[Round "6"]
[White "Davies, Lucas"]
[Black "Harris, Philip"]
[Result "1-0"]
[ECO "C24"]
[WhiteElo "2238"]
[BlackElo "1866"]
[PlyCount "61"]
[GameId "2160767910157365"]
[EventDate "2009.04.10"]
[EventType "swiss"]
[EventRounds "6"]
[EventCountry "CAN"]
[SourceTitle "CBM 130 Extra"]
[Source "ChessBase"]
[SourceDate "2009.07.02"]
[SourceVersion "2"]
[SourceVersionDate "2009.07.15"]
[SourceQuality "1"]

1. e4 e5 2. Bc4 Nf6 3. d3 c6 4. Qe2 Bb4+ 5. c3 Ba5 6. Nf3 d6 7. Bg5 Bg4 8. O-O Nbd7 9. Nbd2 Nf8 10. h3 Be6 11. d4 Ng6 12. dxe5 dxe5 13. Nh4 Nf4 14. Bxf4 exf4 15. Bxe6 fxe6 16. e5 Nd5 17. Qh5+ Kd7 18. Nb3 g6 19. Qg4 Bb6 20. c4 h5 21. Qxg6 Qxh4 22. cxd5 cxd5 23. Qf7+ Qe7 24. Qxf4 Raf8 25. Qa4+ Kc8 26. Nd4 Rhg8 27. f4 Qh4 28. Kh1 Rxf4 29. Rac1+ Bc7 30. Rxc7+ Kxc7 31. Nxe6+ 1-0

[Event "Grand Pacific op"]
[Site "Victoria CAN"]
[Date "2009.04.13"]
[Round "6"]
[White "Gansvind, Valeriya"]
[Black "Daswani, Benedict"]
[Result "1-0"]
[ECO "A41"]
[WhiteElo "2328"]
[BlackElo "2112"]
[PlyCount "75"]
[GameId "2160767910157366"]
[EventDate "2009.04.10"]
[EventType "swiss"]
[EventRounds "6"]
[EventCountry "CAN"]
[SourceTitle "CBM 130 Extra"]
[Source "ChessBase"]
[SourceDate "2009.07.02"]
[SourceVersion "2"]
[SourceVersionDate "2009.07.15"]
[SourceQuality "1"]

1. d4 g6 2. Nf3 d6 3. g3 Bg7 4. Bg2 c5 5. O-O cxd4 6. Nxd4 Qb6 7. c3 Nc6 8. Nc2 Nf6 9. Nd2 O-O 10. Nb3 Qb5 11. h3 Qh5 12. e4 Bg4 13. hxg4 Nxg4 14. Re1 f5 15. Ne3 Nce5 16. exf5 gxf5 17. Nd4 f4 18. Nxg4 Nxg4 19. gxf4 e5 20. Ne6 Rf6 21. Qd5 Kh8 22. Nxg7 Qh2+ 23. Kf1 Kxg7 24. Qxb7+ Rf7 25. Qxa8 Qh4 26. Be3 Rxf4 27. Qxa7+ Rf7 28. Qxf7+ Kxf7 29. a4 Nh2+ 30. Kg1 e4 31. Bxe4 Ng4 32. Bd5+ Kg6 33. a5 Nf6 34. Bg2 Qg4 35. a6 Ne8 36. Bb6 h5 37. Rxe8 Kf7 38. a7 1-0

[Event "Grand Pacific op"]
[Site "Victoria CAN"]
[Date "2009.04.13"]
[Round "6"]
[White "Hill, Sam"]
[Black "Wild, Joshua"]
[Result "1-0"]
[ECO "C62"]
[WhiteElo "1920"]
[BlackElo "1700"]
[PlyCount "89"]
[GameId "2160767910157367"]
[EventDate "2009.04.10"]
[EventType "swiss"]
[EventRounds "6"]
[EventCountry "CAN"]

1. e4 e5 2. Nf3 Nc6 3. Bb5 d6 4. O-O Bg4 5. c3 Nge7 6. d3 a6 7. Ba4 Qd7 8. Nbd2 f5 9. exf5 O-O-O 10. b4 b5 11. Bc2 Nd5 12. Bb2 Bxf5 13. a4 bxa4 14. Ne4 Bg4 15. Rxa4 Nb8 16. Ned2 Nf4 17. Qa1 Qc6 18. Re1 g5 19. Re4 d5 20. Nxe5 Qb7 21. Re1 d4 22. Ne4 Bh5 23. f3 g4 24. fxg4 Bxg4 25. Nxg4 Rg8 26. h3 h5 27. Bc1 hxg4 28. Bxf4 gxh3 29. g3 Bd6 30. Nxd6+ cxd6 31. Re4 d5 32. Re2 Rdf8 33. Kh2 Rxf4 34. gxf4 Qg7 35. Qf1 Qg3+ 36. Kh1 Rg4 37. Rf2 Qe3 38. Ra1 h2 39. Rg2 Rxf4 40. Qe2 Qh3 41. Rf1 Rxf1+ 42. Qxf1 Qe3 43. Rxh2 dxc3 44. Rh7 Qe8 45. Ba4 1-0

[Event "Grand Pacific op"]
[Site "Victoria CAN"]
[Date "2009.04.13"]
[Round "6"]
[White "Leblanc, Paul"]
[Black "Escandor, Manuel Omana"]
[Result "1/2-1/2"]
[ECO "D02"]
[WhiteElo "1929"]
[BlackElo "1726"]
[PlyCount "145"]
[GameId "2160767910157368"]
[EventDate "2009.04.10"]
[EventType "swiss"]
[EventRounds "6"]
[EventCountry "CAN"]

1. d4 g6 2. g3 Bg7 3. Bg2 d5 4. Nf3 Nc6 5. O-O Bg4 6. c3 Nf6 7. Qb3 Na5 8. Qa4+ c6 9. Nbd2 Ne4 10. Re1 Nd6 11. Ne5 Be6 12. e4 b5 13. Qc2 f6 14. Nd3 O-O 15. Nf4 Bf7 16. exd5 cxd5 17. Nxd5 e6 18. Nf4 Rc8 19. Nxe6 Bxe6 20. Rxe6 Nf5 21. Nb3 Nxd4 22. Nxd4 Qxd4 23. Be3 Qd7 24. Ra6 Nc4 25. Bd4 Rc7 26. Re1 Ne5 27. Qe4 Kh8 28. Qd5 Qf5 29. f4 Rd7 30. Qc5 Nd3 31. Qxf5 gxf5 32. Re2 Kg8 33. Rxa7 Rxa7 34. Bxa7 Nc1 35. Bd5+ Kh8 36. Re1 Nd3 37. Re2 b4 38. Rd2 Nc1 39. cxb4 Rd8 40. b5 Bf8 41. b6 Bc5+ 42. Kg2 Nxa2 43. Rd1 Nb4 44. Bb3 Rxd1 45. Bxd1 Nc6 46. Kf3 Nxa7 47. bxa7 Bxa7 48. Bc2 Kg7 49. Bxf5 h6 50. h3 Kf7 51. Ke4 Ke7 52. Kd5 Bf2 53. g4 Be3 54. Ke4 Bc1 55. b3 Kd6 56. Bh7 Bd2 57. Bg8 Ke7 58. Bc4 Kf8 59. f5 Ke7 60. Kd5 Kd7 61. Bb5+ Kc7 62. Be8 Kb6 63. Kc4 Be3 64. b4 Bd2 65. b5 Be3 66. Kd5 Bg5 67. Ke6 Bh4 68. Kf7 Kc5 69. Kg6 Bg5 70. Kg7 Kb6 71. h4 Bxh4 72. Kxh6 Bg5+ 73. Kg6 1/2-1/2

[Event "Grand Pacific op"]
[Site "Victoria CAN"]
[Date "2009.04.13"]
[Round "6"]
[White "Parker, Dylan"]
[Black "Paulson, Stewart"]
[Result "1-0"]
[ECO "B01"]
[WhiteElo "1518"]
[BlackElo "1524"]
[PlyCount "99"]
[GameId "2160767910157370"]
[EventDate "2009.04.10"]
[EventType "swiss"]
[EventRounds "6"]
[EventCountry "CAN"]

1. e4 d5 2. exd5 Nf6 3. Bc4 c6 4. dxc6 Nxc6 5. Nc3 g6 6. Nf3 Bg7 7. d3 O-O 8. Bg5 Qb6 9. Rb1 Bg4 10. h3 Bxf3 11. Qxf3 Nd4 12. Qd1 e6 13. Be3 a6 14. Ne2 Qa5+ 15. b4 Nxc2+ 16. Qxc2 Qc7 17. O-O b5 18. Bb3 Qb7 19. Rbc1 Rac8 20. Qd2 Qd7 21. f3 Qd6 22. Bc5 Qd7 23. Bxf8 Bxf8 24. Rxc8 Qxc8 25. Rc1 Qb7 26. Kh1 Nh5 27. Qc3 Qb6 28. d4 Qd8 29. Qe1 Qg5 30. g4 Nf4 31. Nxf4 Qxf4 32. Kg2 Bxb4 33. Rc8+ Bf8 34. Qb4 Qh6 35. Qxf8+ Qxf8 36. Rxf8+ Kxf8 37. Kg3 Ke7 38. Kf4 f6 39. g5 b4 40. h4 a5 41. Ke4 Kf7 42. Kd3 Ke7 43. Kc4 e5 44. d5 f5 45. Kb5 e4 46. fxe4 fxe4 47. Kxa5 Kd6 48. Kxb4 e3 49. Kc3 Ke5 50. Kd3 1-0

[Event "Grand Pacific op"]
[Site "Victoria CAN"]
[Date "2009.04.13"]
[Round "6"]
[White "Patterson, Roger"]
[Black "Cheng, Jack"]
[Result "1/2-1/2"]
[ECO "C84"]
[WhiteElo "2234"]
[BlackElo "1975"]
[PlyCount "49"]
[GameId "2160767910157371"]
[EventDate "2009.04.10"]
[EventType "swiss"]
[EventRounds "6"]
[EventCountry "CAN"]
[SourceTitle "CBM 130 Extra"]
[Source "ChessBase"]
[SourceDate "2009.07.02"]
[SourceVersion "2"]
[SourceVersionDate "2009.07.15"]
[SourceQuality "1"]

1. e4 e5 2. Nf3 Nc6 3. Bb5 a6 4. Ba4 Nf6 5. O-O b5 6. Bb3 Bb7 7. d3 Be7 8. Nc3 d6 9. a4 b4 10. Nd5 Nxd5 11. Bxd5 Na5 12. Bxb7 Nxb7 13. a5 O-O 14. c3 bxc3 15. bxc3 c5 16. Qa4 Qc7 17. Nd2 Nd8 18. Nc4 Qc6 19. Qa2 Ne6 20. Bd2 Bd8 21. Rfb1 Bc7 22. Rb2 Rab8 23. Rab1 Rxb2 24. Rxb2 Rb8 25. Rxb8+ 1/2-1/2

[Event "Grand Pacific op"]
[Site "Victoria CAN"]
[Date "2009.04.13"]
[Round "6"]
[White "Piasetski, Leon"]
[Black "Day, Lawrence"]
[Result "1/2-1/2"]
[ECO "A55"]
[WhiteElo "2288"]
[BlackElo "2322"]
[PlyCount "67"]
[GameId "2160767910157372"]
[EventDate "2009.04.10"]
[EventType "swiss"]
[EventRounds "6"]
[EventCountry "CAN"]
[SourceTitle "CBM 130 Extra"]
[Source "ChessBase"]
[SourceDate "2009.07.02"]
[SourceVersion "2"]
[SourceVersionDate "2009.07.15"]
[SourceQuality "1"]

1. Nf3 d6 2. d4 Nf6 3. c4 c6 4. Nc3 Nbd7 5. e4 e5 6. Be2 Be7 7. O-O O-O 8. Qc2 Qe8 9. Rd1 Kh8 10. Rb1 Bd8 11. dxe5 dxe5 12. b4 Nh5 13. c5 Ndf6 14. Nd2 Be6 15. Nc4 Bxc4 16. Bxc4 Nf4 17. b5 Ba5 18. Ne2 Nxe2+ 19. Bxe2 Rc8 20. Be3 b6 21. f3 Nd7 22. Qa4 Qe7 23. cxb6 Bxb6 24. Bxb6 Nxb6 25. Qa6 c5 26. a4 c4 27. a5 Qc5+ 28. Kf1 Na4 29. Rbc1 Nb2 30. Rd7 Qe3 31. Rc2 Qb3 32. Rc1 Qe3 33. Rc2 Qb3 34. Rc1 1/2-1/2

[Event "Grand Pacific op"]
[Site "Victoria CAN"]
[Date "2009.04.13"]
[Round "6"]
[White "Pitre, Hanniegn"]
[Black "Murray, Mike"]
[Result "0-1"]
[ECO "B00"]
[WhiteElo "2004"]
[BlackElo "1838"]
[PlyCount "72"]
[GameId "2160767910157373"]
[EventDate "2009.04.10"]
[EventType "swiss"]
[EventRounds "6"]
[EventCountry "CAN"]
[SourceTitle "CBM 130 Extra"]
[Source "ChessBase"]
[SourceDate "2009.07.02"]
[SourceVersion "2"]
[SourceVersionDate "2009.07.15"]
[SourceQuality "1"]

1. e4 Nc6 2. d4 e5 3. d5 Nce7 4. f4 Ng6 5. Nf3 exf4 6. h4 h5 7. Nc3 Be7 8. Qd3 d6 9. Ne2 Ne5 10. Qb5+ c6 11. Qa4 Nxf3+ 12. gxf3 Bxh4+ 13. Kd1 Bd7 14. Nxf4 g5 15. dxc6 bxc6 16. Qd4 Rh7 17. Ng2 Bg3 18. f4 Qf6 19. Qxf6 Nxf6 20. fxg5 Nxe4 21. Be3 Be5 22. Bd3 Bg4+ 23. Kc1 d5 24. Nf4 O-O-O 25. Ba6+ Kb8 26. Nd3 Bd6 27. c3 Re8 28. Nb4 Nxc3 29. Nxc6+ Kc7 30. Nxa7 Rxe3 31. bxc3 Kb6 32. Nc8+ Bxc8 33. Bxc8 Rxc3+ 34. Kd2 Rxc8 35. Rhb1+ Ka5 36. Rh1 Rc4 0-1

[Event "Grand Pacific op"]
[Site "Victoria CAN"]
[Date "2009.04.13"]
[Round "6"]
[White "Raymer, Elliot"]
[Black "Aquino, Manfrei"]
[Result "1/2-1/2"]
[ECO "C50"]
[WhiteElo "1746"]
[BlackElo "1922"]
[PlyCount "69"]
[GameId "2160767910157374"]
[EventDate "2009.04.10"]
[EventType "swiss"]
[EventRounds "6"]
[EventCountry "CAN"]

1. e4 e5 2. Nf3 Nc6 3. Bc4 Bc5 4. d3 Nf6 5. Nc3 O-O 6. Bg5 Be7 7. O-O d6 8. h3 Na5 9. Bb3 Nxb3 10. axb3 Be6 11. Be3 a6 12. d4 exd4 13. Nxd4 Bd7 14. f4 c5 15. Nde2 Bc6 16. e5 dxe5 17. fxe5 Nd5 18. Nxd5 Qxd5 19. Qxd5 Bxd5 20. Nf4 Be4 21. Nd3 Bxd3 22. cxd3 Rad8 23. Rad1 Rd5 24. Bf4 Rfd8 25. Rf3 b5 26. Kf1 Rd4 27. Ra1 Ra8 28. Rc1 Kf8 29. e6 f6 30. Ke2 Rb4 31. Rc3 a5 32. Be3 Ra6 33. d4 Rxe6 34. dxc5 Rc6 35. Kd3 1/2-1/2

[Event "Grand Pacific op"]
[Site "Victoria CAN"]
[Date "2009.04.13"]
[Round "6"]
[White "Sohal, Tanraj"]
[Black "Wu, Howard"]
[Result "1/2-1/2"]
[ECO "A57"]
[WhiteElo "2060"]
[BlackElo "2242"]
[PlyCount "69"]
[GameId "2160767910157375"]
[EventDate "2009.04.10"]
[EventType "swiss"]
[EventRounds "6"]
[EventCountry "CAN"]
[SourceTitle "CBM 130 Extra"]
[Source "ChessBase"]
[SourceDate "2009.07.02"]
[SourceVersion "2"]
[SourceVersionDate "2009.07.15"]
[SourceQuality "1"]

1. d4 Nf6 2. c4 c5 3. d5 b5 4. Qc2 bxc4 5. e4 d6 6. Bxc4 g6 7. Ne2 Bg7 8. O-O O-O 9. h3 Nbd7 10. Be3 Ne5 11. Nd2 Nfd7 12. Rac1 Nb6 13. b3 Rb8 14. Bd3 Bd7 15. f4 Nxd3 16. Qxd3 Na8 17. Nc4 Bb5 18. Nc3 Bxc4 19. Qxc4 Qa5 20. Rf2 Nc7 21. Na4 Nb5 22. e5 Nd4 23. Bxd4 Rb4 24. Qc3 cxd4 25. Qc7 Qxd5 26. Qxe7 Rb7 27. Qxd6 Qxd6 28. exd6 Rd7 29. Rd1 Rxd6 30. Rd3 Rc8 31. Nb2 Rc3 32. Rfd2 Ra6 33. Na4 Rxd3 34. Rxd3 Rc6 35. Rd2 1/2-1/2

[Event "Grand Pacific op"]
[Site "Victoria CAN"]
[Date "2009.04.13"]
[Round "6"]
[White "Trochtchanovitch, Pavel"]
[Black "Cheng, Louis"]
[Result "1-0"]
[ECO "B45"]
[WhiteElo "1998"]
[BlackElo "1858"]
[PlyCount "63"]
[GameId "2160767910157376"]
[EventDate "2009.04.10"]
[EventType "swiss"]
[EventRounds "6"]
[EventCountry "CAN"]

1. e4 c5 2. Nf3 e6 3. d4 cxd4 4. Nxd4 Nc6 5. Nc3 Bb4 6. Be2 Nf6 7. Bf3 Qa5 8. O-O Bxc3 9. Nb3 Qe5 10. bxc3 Nxe4 11. Bxe4 Qxe4 12. Ba3 d5 13. Re1 Qc4 14. Qf3 Bd7 15. Rab1 b6 16. Nd4 Qa4 17. Nb5 O-O-O 18. c4 Be8 19. cxd5 exd5 20. Qg3 Ne5 21. Nd6+ Rxd6 22. Bxd6 Ng6 23. Rb3 f5 24. Qc3+ Qc4 25. Qxg7 d4 26. h4 Bf7 27. Qf6 Rg8 28. Qxf5+ Kb7 29. Qd7+ Ka8 30. Ra3 a5 31. Rb1 Qa6 32. Qxf7 1-0

[Event "Grand Prix finals-A"]
[Site "Winnipeg CAN"]
[Date "2009.11.03"]
[Round "1"]
[White "Czypinski, Jaroslaw"]
[Black "Greenberg, Harley"]
[Result "1/2-1/2"]
[ECO "D12"]
[WhiteElo "1862"]
[BlackElo "1728"]
[PlyCount "44"]
[GameId "2160767910096212"]
[EventDate "2009.11.03"]
[EventType "swiss"]
[EventRounds "6"]
[EventCountry "CAN"]
[SourceTitle "EXT 2011"]
[Source "ChessBase"]
[SourceDate "2011.11.26"]
[SourceVersion "1"]
[SourceVersionDate "2011.11.26"]
[SourceQuality "1"]

1. d4 Nf6 2. Nf3 d5 3. e3 Bf5 4. Bd3 e6 5. O-O Bd6 6. c4 c6 7. Qc2 Bxd3 8. Qxd3 Nbd7 9. Nbd2 O-O 10. b3 e5 11. dxe5 Nxe5 12. Qf5 Qe7 13. Bb2 Nxf3+ 14. Nxf3 Qe6 15. Nd4 Qe5 16. Qxe5 Bxe5 17. Ba3 Rfe8 18. Rfe1 Rad8 19. Rac1 dxc4 20. bxc4 Bxd4 21. exd4 Rxe1+ 22. Rxe1 Rxd4 1/2-1/2

[Event "Grand Prix finals-A"]
[Site "Winnipeg CAN"]
[Date "2009.11.03"]
[Round "1"]
[White "Green, Aaron"]
[Black "Green, Jim"]
[Result "1-0"]
[ECO "B07"]
[WhiteElo "1980"]
[BlackElo "1782"]
[PlyCount "103"]
[GameId "2160767910096213"]
[EventDate "2009.11.03"]
[EventType "swiss"]
[EventRounds "6"]
[EventCountry "CAN"]
[SourceTitle "EXT 2011"]
[Source "ChessBase"]
[SourceDate "2011.11.26"]
[SourceVersion "1"]
[SourceVersionDate "2011.11.26"]
[SourceQuality "1"]

1. e4 d6 2. d4 Nf6 3. Nc3 e5 4. d5 Be7 5. Nf3 O-O 6. Bg5 c6 7. Bxf6 Bxf6 8. Be2 Qc7 9. O-O a6 10. a4 Be7 11. Nd2 f5 12. Bc4 Kh8 13. Bd3 f4 14. Nc4 a5 15. f3 Nd7 16. Qd2 Rf6 17. Rfb1 Rg6 18. b4 axb4 19. Rxb4 Nc5 20. Nb6 Rb8 21. dxc6 bxc6 22. Nbd5 cxd5 23. Nxd5 Qa7 24. Rxb8 Nxd3+ 25. Kh1 Qxb8 26. Nxe7 Re6 27. Nxc8 Qxc8 28. cxd3 Re7 29. a5 Rc7 30. a6 h6 31. a7 Qa8 32. Qa2 Kh7 33. h3 Rd7 34. Qd5 Rd8 35. Qb5 Kh8 36. Qb6 Re8 37. Qxd6 Kh7 38. Qd7 Rf8 39. Rb1 Rd8 40. Qb7 Qxb7 41. Rxb7 Ra8 42. Kh2 Kg6 43. g3 Kf6 44. gxf4 exf4 45. d4 g5 46. Kg2 h5 47. d5 Ke5 48. Re7+ Kd6 49. Rg7 g4 50. hxg4 hxg4 51. Rxg4 Rxa7 52. Rxf4 1-0

[Event "Grand Prix finals-A"]
[Site "Winnipeg CAN"]
[Date "2009.11.03"]
[Round "1"]
[White "Kaptsan, Aron"]
[Black "Khedkar, Jay S"]
[Result "1/2-1/2"]
[ECO "C29"]
[WhiteElo "1994"]
[BlackElo "1999"]
[PlyCount "43"]
[GameId "2160767910096214"]
[EventDate "2009.11.03"]
[EventType "swiss"]
[EventRounds "6"]
[EventCountry "CAN"]
[SourceTitle "EXT 2011"]
[Source "ChessBase"]
[SourceDate "2011.11.26"]
[SourceVersion "1"]
[SourceVersionDate "2011.11.26"]
[SourceQuality "1"]

1. e4 e5 2. Nc3 Nf6 3. f4 Nc6 4. fxe5 Nxe5 5. d4 Ng6 6. e5 Ng8 7. Nf3 d6 8. Bd3 dxe5 9. dxe5 Bc5 10. Ne4 Bb6 11. Qe2 Bg4 12. Bg5 N8e7 13. Bb5+ Kf8 14. Ned2 h6 15. Bxe7+ Qxe7 16. O-O-O c6 17. Bd3 Nf4 18. Qe4 Nxd3+ 19. Qxd3 Rd8 20. Qe4 Be6 21. Kb1 g6 22. Nc4 1/2-1/2

[Event "Grand Prix finals-A"]
[Site "Winnipeg CAN"]
[Date "2009.11.03"]
[Round "1"]
[White "Lipnowski, Samuel"]
[Black "Boron, Anthony"]
[Result "1/2-1/2"]
[ECO "B45"]
[WhiteElo "2258"]
[BlackElo "1997"]
[PlyCount "155"]
[GameId "2160767910096215"]
[EventDate "2009.11.03"]
[EventType "swiss"]
[EventRounds "6"]
[EventCountry "CAN"]
[SourceTitle "EXT 2011"]
[Source "ChessBase"]
[SourceDate "2011.11.26"]
[SourceVersion "1"]
[SourceVersionDate "2011.11.26"]
[SourceQuality "1"]

1. e4 c5 2. Nf3 e6 3. d4 cxd4 4. Nxd4 Nf6 5. Nc3 Nc6 6. Ndb5 Bb4 7. a3 Bxc3+ 8. Nxc3 d5 9. exd5 exd5 10. Bd3 O-O 11. O-O d4 12. Ne4 Nxe4 13. Bxe4 Be6 14. Qh5 g6 15. Qh6 f5 16. Bf3 Bd5 17. Bg5 Qd7 18. Be2 Rae8 19. Rfe1 Ne5 20. Qh3 Qc6 21. Rac1 Qb6 22. b4 a5 23. Bh6 Rf7 24. Bd2 axb4 25. axb4 Rfe7 26. Bf1 Ng4 27. Rxe7 Rxe7 28. Qh4 Re8 29. c4 Bf7 30. c5 Qa7 31. h3 Qa2 32. Bg5 h6 33. hxg4 hxg5 34. Qxg5 fxg4 35. Qxg4 Qd2 36. Rd1 Qxb4 37. Qxd4 Qxd4 38. Rxd4 Re1 39. f3 Rc1 40. Rd8+ Kg7 41. Rd7 Rxc5 42. Rxb7 Kf6 43. Rb6+ Kg7 44. Kf2 Bc4 45. Bxc4 Rxc4 46. Ke3 Ra4 47. Re6 Kf7 48. Re4 Ra3+ 49. Kf4 Kf6 50. Rb4 Ra2 51. g3 Ra6 52. Kg4 Rc6 53. Kh4 Ra6 54. g4 Ra1 55. Rb6+ Kf7 56. f4 Ra5 57. Rb7+ Kg8 58. Rc7 Rb5 59. Re7 Ra5 60. Re5 Ra7 61. Kg5 Kf7 62. Rb5 Kg7 63. Rc5 Rb7 64. Rc6 Rb5+ 65. f5 gxf5 66. Rc7+ Kf8 67. gxf5 Rb6 68. Ra7 Rc6 69. Rh7 Rb6 70. Rc7 Ra6 71. Rc5 Kg7 72. Rc7+ Kf8 73. f6 Ra1 74. Kg6 Rg1+ 75. Kf5 Rf1+ 76. Ke6 Re1+ 77. Kd6 Rd1+ 78. Ke5 1/2-1/2

[Event "Grand Prix finals-A"]
[Site "Winnipeg CAN"]
[Date "2009.11.10"]
[Round "2"]
[White "Boron, Anthony"]
[Black "Kaptsan, Aron"]
[Result "1/2-1/2"]
[ECO "D12"]
[WhiteElo "1997"]
[BlackElo "1994"]
[PlyCount "34"]
[GameId "2160767910096216"]
[EventDate "2009.11.03"]
[EventType "swiss"]
[EventRounds "6"]
[EventCountry "CAN"]
[SourceTitle "EXT 2011"]
[Source "ChessBase"]
[SourceDate "2011.11.26"]
[SourceVersion "1"]
[SourceVersionDate "2011.11.26"]
[SourceQuality "1"]

1. d4 d5 2. Nf3 c6 3. c4 Bf5 4. Nc3 e6 5. e3 Nd7 6. Bd3 Bxd3 7. Qxd3 Ngf6 8. O-O Bd6 9. b3 O-O 10. e4 dxe4 11. Nxe4 Nxe4 12. Qxe4 Nf6 13. Qe2 c5 14. Be3 Qc7 15. dxc5 Bxc5 16. Bxc5 Qxc5 17. Rad1 Rad8 1/2-1/2

[Event "Grand Prix finals-A"]
[Site "Winnipeg CAN"]
[Date "2009.11.10"]
[Round "2"]
[White "Green, Leah"]
[Black "Ott, Richard"]
[Result "0-1"]
[ECO "B13"]
[WhiteElo "1268"]
[BlackElo "1555"]
[PlyCount "66"]
[GameId "2160767910096217"]
[EventDate "2009.11.03"]
[EventType "swiss"]
[EventRounds "6"]
[EventCountry "CAN"]
[SourceTitle "EXT 2011"]
[Source "ChessBase"]
[SourceDate "2011.11.26"]
[SourceVersion "1"]
[SourceVersionDate "2011.11.26"]
[SourceQuality "1"]

1. e4 d5 2. exd5 Nf6 3. Nc3 c6 4. d4 cxd5 5. Nf3 e6 6. Bb5+ Bd7 7. Bxd7+ Nfxd7 8. O-O a6 9. Re1 Bd6 10. Ne5 O-O 11. Bf4 Qc7 12. Qd2 Nc6 13. Nd3 Bxf4 14. Nxf4 Rac8 15. a3 Na5 16. Nfe2 Nf6 17. f3 Nc4 18. Qc1 e5 19. dxe5 Qc5+ 20. Kh1 Nxe5 21. Ng3 Ng6 22. Qe3 d4 23. Qd3 dxc3 24. bxc3 Nf4 25. Qd2 Rfd8 26. Qxf4 Qxc3 27. Rec1 Nd5 28. Qe4 Ne3 29. Ne2 Qd2 30. Nf4 Rxc2 31. Rcb1 Nxg2 32. Qe2 Nxf4 33. Qxd2 Rdxd2 0-1